| 000 | 00376nam a22001217a 4500 | ||
|---|---|---|---|
| 082 | _a621.381 BAS'F | ||
| 100 |
_aMCGINTY, GERALD,FRIEDMAN, JACK W,RICE, HARRY G _978480 |
||
| 245 | _aBASIC ELECTRONICS "AUTOTEXT" A PROGRAMED COURSE IN CIRCUITS | ||
| 260 |
_aNEWYORK _bPRENTICE HALL _c1965 |
||
| 300 | _a534P | ||
| 650 |
_aCIRCUITS-AUTOTEXT-PROGRAMED COURSE _978481 |
||
| 942 | _cBK | ||
| 999 |
_c583597 _d583597 |
||